| 000 | 00534nam a2200193Ia 4500 | ||
|---|---|---|---|
| 003 | IN-BaIIA | ||
| 008 | 211028s9999 xx 000 0 eng d | ||
| 020 | _a0-12-607771-1 | ||
| 040 | _cIIA Library | ||
| 080 |
_a535.33 _bCAR |
||
| 100 |
_aCardona, Manuel _96557 |
||
| 245 | 0 |
_aModulation spectroscopy _cManuel Cardona |
|
| 260 |
_aNew York _bAcademic Press _c1969 |
||
| 300 | _ax, 358p. | ||
| 490 | _aSolid state physics. Supplement, v. 11 | ||
| 650 |
_aModulation-Spectroscopy _96558 |
||
| 650 |
_aSpectroscopy _91535 |
||
| 942 | _cBK | ||
| 999 |
_c3694 _d3694 |
||